| Tag |
First Indicator |
Second Indicator |
Subfields |
| LEADER |
00000cam a2200000Ia 4500 |
| 001 |
in00002301913 |
| 005 |
20190326200817.0 |
| 006 |
m | d | |
| 007 |
cr |n||||||||n |
| 008 |
900523s1794 stk sb 000 0 eng d |
| 010 |
|
|
|a nuc87827738
|
| 040 |
|
|
|a ResP
|c GKS
|d RQM
|d OCLCQ
|d Thomson Gale
|d UtOrBLW
|
| 043 |
|
|
|a e-uk---
|
| 082 |
0 |
4 |
|a 330
|b G62
|
| 100 |
1 |
|
|a Young, John,
|c minister of the Gospel at Hawick, in Scotland.
|
| 245 |
1 |
0 |
|a Essays on the following interesting subjects, viz. I. government, II. revolutions, III. the British constitution, IV. kingly government, V. Parliamentary representation & reform, VI. liberty & equality, VII. taxation, and, VII. the present war, & the stagnation of credit as connected with it /
|c by John Young.
|
| 250 |
|
|
|a 3rd ed.
|
| 264 |
|
3 |
|a Edinburgh :
|b Printed for and sold by D. Niven,
|c 1794.
|
| 300 |
|
|
|a 2 unnumbered pages, 160 pages ;
|c 20 cm.
|
| 336 |
|
|
|a text
|b txt
|2 rdacontent
|
| 337 |
|
|
|a computer
|b c
|2 rdamedia
|
| 338 |
|
|
|a online resource
|b cr
|2 rdacarrier
|
| 500 |
|
|
|a Half title: Essays on interesting subjects.
|
| 500 |
|
|
|a Reproduction of original from Kress Library of Business and Economics, Harvard University.
|
| 500 |
|
|
|a Goldsmiths'-Kress number 15939.16.
|
| 504 |
|
|
|a Includes bibliographical references.
|
| 510 |
4 |
|
|a OCLC,
|c 21577433
|
| 533 |
|
|
|a Electronic reproduction.
|b Farmington Hills, Mich. :
|c Thomson Gale,
|d 2005.
|f (The making of the modern world).
|n Available via the World Wide Web.
|n Access limited to licensing agreements.
|7 s2005 miunns
|
| 500 |
|
|
|a Electronic resource.
|
| 650 |
|
0 |
|a Political science.
|
| 651 |
|
0 |
|a Great Britain
|x Politics and government.
|
| 655 |
|
0 |
|a Electronic books.
|
| 740 |
0 |
|
|a Essays on interesting subjects.
|
| 830 |
|
0 |
|a Making of the modern world (Goldsmiths'-Kress Library of Economic Literature)
|
| 856 |
4 |
0 |
|u http://proxy.library.tamu.edu/login?url=http://galenet.galegroup.com/servlet/MOME?af=RN&ae=U102515717&srchtp=a&ste=14&locID=txshracd2898
|z Connect to the full text of this electronic book
|t 0
|
| 999 |
|
|
|a MARS
|
| 999 |
f |
f |
|s 545cfafc-a368-3d2d-9f46-e1b85d13206c
|i 11a2fc8e-c7aa-3063-8df6-36b640e5f333
|t 0
|
| 952 |
f |
f |
|a Texas A&M University
|b College Station
|c Electronic Resources
|d Available Online
|t 0
|h No information provided
|
| 998 |
f |
f |
|t 0
|l Available Online
|